| 000 | 00455nam a2200181Ia 4500 | ||
|---|---|---|---|
| 001 | 13456 | ||
| 005 | 20260306164802.0 | ||
| 008 | 260306t1996||||xx |||||||||||||| ||spa|| | ||
| 041 | _aESP | ||
| 082 |
_aS 004.21 _bB73A |
||
| 100 |
_aBooch, Grady _eAUT |
||
| 245 | 0 | _aAnálisis y diseño orientado a objetos con aplicaciones | |
| 260 | _c1996 | ||
| 300 |
_axix, 638 páginas : _c24 cm. |
||
| 650 | _aGEN | ||
| 654 | _aCCC | ||
| 942 |
_cLIB _dJUS _fJUS _2ddc _n |
||
| 999 |
_c13456 _d13456 |
||